000 00447nam a2200181Ia 4500
001 12778
005 20260306163006.0
008 260306t2005||||xx |||||||||||||| ||spa||
041 _aESP
082 _aRD 270.03
_bD73 T. 2
100 _aKasper, Walter
_eAUT
245 0 _aDiccionario enciclopédico de historia de la iglesia:
_bI - Z
260 _c2005
300 _a
_c22 cm.
650 _aGEN
654 _aCHU
942 _cDIC
_dJUS
_fJUS
_2ddc
_n
999 _c12778
_d12778